| 000 | 01280naa a22003257a 4500 | ||
|---|---|---|---|
| 001 | BR7502603 | ||
| 003 | BR-BrBNA | ||
| 005 | 20250714141719.0 | ||
| 007 | ta | ||
| 008 | 250630b bl.|||m| |||| 00| 0 por d | ||
| 040 |
_aBR-BrBNA _bpor _cBiblioteca Nacional de Agricultura |
||
| 041 | _a(Pt) | ||
| 072 |
_aE10; E50; C00 _b/G514 |
||
| 090 | _aE10 BR7502603 | ||
| 100 | 1 | _aGisser, M. | |
| 245 | 1 | _aEscolaridade e o problema da empresa agricola [Macroeconomia; Baixa renda; Salario; Brasil] | |
| 500 | _aDesenvolvimento da agricultura: Educacao, Pesquisa e Assistencia tecnica Araujo, P.F.C. deSchuh, G.E. (ed.) Sao Paulo, SP (Brasil): Livraria Pioneira Editora, 1975. p. 3-15 [Summary (Pt)] (BR7502603-AMS) | ||
| 773 | 0 |
_tDesenvolvimento da agricultura: Educacao, Pesquisa e Assistencia tecnica _aAraujo, P.F.C. de; Schuh, G.E. (ed.) _wE10 BR7502603 _gSao Paulo, SP (Brasil), 1975. p. 3-15 |
|
| 650 | _aMacroeconomia | ||
| 650 | _aSociologia rural | ||
| 650 | _aEducacao | ||
| 650 | _aTrabalhador rural | ||
| 650 | _aEmpresa rural | ||
| 650 | _aMao-de-obra | ||
| 650 | _aSalario | ||
| 650 | _aEconometria | ||
| 490 | _aBiblioteca Pioneira de Ciencias Sociais. Serie Estudos Agricolas (Brazil) | ||
| 942 |
_cAMS _2AGRIS |
||
| 909 |
_a202506 _bLúcia _c55 _dLúcia Elande |
||
| 999 |
_c332870 _d332870 |
||